Statistiques concernant la ligne L du Transilien : Les Gares

Cliquez ici pour prendre le quiz!

Statistiques générales

  • Ce quiz a été pris 107 fois
  • Le résultat moyen est 25 sur 36

Statistiques - réponses

n° / directionsGaresCorrespondances% Correct
19La DéfenseRER A Train U T 2 M 1
96%
1Paris-Saint-LazareRER E Train J M 3 12 13 14
95%
4Asnières-sur-SeineTrain J
91%
36Versailles-Rive-Droite
89%
2Pont-CardinetM 14
88%
3Clichy - Levallois
86%
23 (séparation SNB / V)Saint-CloudTrain U
86%
17Cergy-le-HautRER A
84%
8Nanterre-UniversitéRER A
82%
15Cergy-PréfectureRER A
81%
10SartrouvilleRER A
79%
20PuteauxTrain U T 2
77%
5 (séparation C / SNB/V)Bécon-les-Bruyères
74%
16Cergy-Saint-ChristopheRER A
74%
13Conflans-Fin-d'OiseRER A Train J
74%
9Houilles - Carrières-sur-SeineRER A Train J
74%
18 (vers SNB/V)Courbevoie
72%
11Maisons-LaffitteRER A
72%
12Achères-VilleRER A
70%
14Neuville-UniversitéRER A
67%
21Suresnes-Mont-ValérienTrain U T 2
67%
34Viroflay-Rive-DroiteT 6
67%
7La Garenne-ColombesT 2
63%
22Le Val d'Or
63%
32 (vers V.)Sèvres - Ville-d'AvrayTrain U
63%
33Chaville-Rive-DroiteTrain U
61%
26La Celle-Saint-Cloud
61%
24 (vers SNB)Garches - Marnes-la-Coquette
60%
35Montreuil
60%
29Marly-le-Roi
58%
6 (vers C.)Les Vallées
56%
25Vaucresson
56%
28Louveciennes
53%
31Saint-Nom-la-Bretèche - Forêt de Marly
53%
30L'Etang-la-Ville
47%
27Bougival
46%

Distribution des résultats

Percentile par nombre de réponses

% des personnes avec chaque résultat

Votre développement - résultats

Vous n’avez pas pris ce quiz